| 000 | 00905nam a2200193 i 4500 | ||
|---|---|---|---|
| 001 | 164637 | ||
| 003 | ES-MaACL | ||
| 005 | 20230906212956.0 | ||
| 008 | 981127s1881 sp |||| | spa d | ||
| 100 | 1 |
_aSancianco y Goson, Gregorio. _9132402 |
|
| 245 | 1 | 3 |
_aEl progreso de Filipinas _b: estudios económicos, administrativos y políticos. _pParte económica / _cpor Gregorio Sancianco y Goson. |
| 260 |
_aMadrid : _b[s.n.], _c1881 ( _fImp. de la Viuda de J.M. Pérez) |
||
| 300 |
_aXIV, 260 p. ; _c21 cm. |
||
| 530 | _aDisponible en formato digital. | ||
| 650 | 4 |
_aImpuestos- _zFilipinas. _9153426 |
|
| 651 | 4 |
_aFilipinas- _xDescripción. _98657 |
|
| 852 |
_aES-MaACL _jC-3450 _z- Enc. tela _z.- Dedicatoria manuscrita del autor a Laureano Figuerola |
||
| 856 |
_uhttp://bibliotecadigitalhispanica.bne.es:80/webclient/DeliveryManager?pid=1883074&custom_att_2=simple_viewer _zBiblioteca Digital Hispánica |
||
| 999 |
_c164637 _d164637 |
||